000 00419nam a2200169Ia 4500
008 230524s9999 xx 000 0 und d
020 _a9788120320390
082 _a624.18341
_bVAR
100 _aP.C. Varghese
245 0 _aLimit State Design of Reinforced Concrete
250 _a2
260 _aNew Delhi
_bPHI
_c2013
300 _a"XXXI,547p;"
500 _aQuantity Number: 15
650 _aCivil
942 _cBK
999 _c55132
_d55132